000
00301nam a2200133Ia 4500
008
150301s2015 xx 000 0 und d
082
_a
615.03
_b
D14J
100
_a
JAROLD EDWIN
245
_a
DICTIONARY OF PHARMACY
260
_b
CBS- DELHI
300
_a
341
650
_a
DICTIONARY
942
_2
ddc
_c
BK
999
_c
7127
_d
7127